000 00519 a2200193 4500
003 NUST
005 20230124154603.0
010 _a59010811
040 _cNust
082 _a808.83,FAU
100 _aFaulkner, William,
_9107562
245 _aThe mansion /
_cWilliam Faulkner,
260 _aNew York
_bRandom House
_c1959
300 _a436 p.;
_b21 cm
505 _aMink (Page-11), Linda (Page-107), Flem (Page-241).
600 _aFaulkner, William,
_9107562
650 _aNovel
_92525
942 _2ddc
_cBK
_k808.83,FAU
999 _c186847
_d186847